| 000 | 00889cam a22002533a 4500 | ||
|---|---|---|---|
| 001 | 30752 | ||
| 003 | PGUSA | ||
| 005 | 20140828083650.0 | ||
| 008 | 091225s2009||||xxu|||||s|||||000 | eng d | ||
| 040 |
_aPGUSA _beng |
||
| 042 | _adc | ||
| 050 | 4 | _aF1401 | |
| 100 | 1 |
_aLe Plongeon, Augustus, _d1826-1908 |
|
| 245 | 1 | 0 |
_aVestiges of the Mayas ; _bor, Facts Tending to Prove that Communications and Intimate Relations Must Have Existed, in very Remote Times, Between the Inhabitants of Mayab and Those of Asia and Africa _h[electronic resource] / _cAugustus Le Plongeon |
| 260 |
_bProject Gutenberg, _c2009 |
||
| 506 | _aPublic domain in the USA. | ||
| 516 | _aElectronic text | ||
| 653 | _aYucatán Peninsula -- Antiquities | ||
| 653 | _aIndians -- Origin | ||
| 653 | _aMayas | ||
| 830 | 0 |
_aProject Gutenberg _v30752 |
|
| 856 | 4 | 0 | _uhttp://www.gutenberg.org/ebooks/30752 |
| 942 | _cEB | ||
| 999 |
_c260007 _d260007 |
||